00477 a2200121 4500082001000000100001800010245007500028260008300103300004400186500006200230563000700292856005600299 aBIT-5 a Rahila Nadir aEfficient Autonomous Airline Management System (EA-AMS)c Rahila Nadir a Islamabad,bNUST School of Electrical Engineering & Computer Science,c 2007. a xi, 67 p. :bill. ;c 27 cm. +eCD-ROM aSupervisors : Mr. Nauman Qureshi, Dr. Hafiz Farooq Ahmad. aHB uhttp://10.250.8.41:8080/xmlui/handle/123456789/9215